000 00566nam a22001937a 4500
003 Ost
005 20250402093213.0
008 250402b |||||||| |||| 00| 0 eng d
020 _a9788176210065
040 _cBT-PhCST
050 _a4631
082 _222
_a294.344
_bHAN
100 _aHanh, Thich Nhat.
245 _aPresent moment wonderful moment :
_bmindfulness verses for daily living /
260 _aNew Delhi,
_bFull Circle Publishing Pvt. Ltd.
_cc1990
300 _aix, 75 p. :
_bill. ;
_c22 cm.
500 _aIncludes some sketch drawings.
942 _2ddc
_cF
999 _c9957
_d9957